2026 Daytona 24 Hours Teams - Statistics

General Stats
  • This quiz has been taken 5 times
  • The average score is 37 of 60
Answer Stats
Hint Answer % Correct
LMP2 Era Motorsports
100%
GTP Porsche Penske Motorsport
100%
GTP Porsche Penske Motorsport
100%
GTP Acura Meyer-Shank Racing with Curb Agajanian
80%
GTP Acura Meyer-Shank Racing with Curb Agajanian
80%
LMP2 AF Corse
80%
GTD AF Corse
80%
LMP2 AO Racing
80%
GTD Pro AO Racing
80%
GTP BMW M Team WRT
80%
GTP BMW M Team WRT
80%
GTP Cadillac Wayne Taylor Racing
80%
GTP Cadillac Wayne Taylor Racing
80%
GTD Pro Corvette Racing by Pratt Miller Motorsports
80%
GTD Pro Corvette Racing by Pratt Miller Motorsports
80%
GTD Manthey 1st Phorm
80%
GTD Pro Manthey Racing
80%
GTD Pro 75 Express
60%
GTP Aston Martin THOR Team
60%
GTD Pro Bartone Bros with GetSpeed
60%
LMP2 Bryan Herta Autosport with PR1/Mathiasen
60%
GTP Cadillac Whelen
60%
LMP2 CrowdStrike Racing by APR
60%
GTD DragonSpeed
60%
GTD DXDT
60%
GTD Pro Ford Multimatic Motorsports
60%
GTD Pro Ford Multimatic Motorsports
60%
GTD Heart of Racing Team
60%
GTD Inception Racing
60%
LMP2 Inter Europol Competition
60%
LMP2 Inter Europol Competition
60%
LMP2 Intersport Racing
60%
GTP JDC-Miller MotorSports
60%
GTD Pro Paul Miller Racing
60%
GTD Pro Pfaff Motorsports
60%
LMP2 Pratt Miller Motorsports
60%
GTD Pro Risi Competizione
60%
GTD Pro RLL Team McLaren
60%
GTD Pro Triarsi Competizione
60%
GTD Triarsi Competizione
60%
GTD Turner Motorsport
60%
LMP2 United Autosports USA
60%
LMP2 United Autosports USA
60%
GTD Pro Vasser Sullivan Racing
60%
GTD Vasser Sullivan Racing
60%
GTD Pro Winward Racing
60%
GTD Winward Racing
60%
GTD 13 Autosport
40%
GTD Conquest Racing
40%
GTD Gradient Racing
40%
GTD Magnus Racing
40%
GTD RS1
40%
LMP2 Tower Motorsports
40%
GTD van der Steur Racing
40%
GTD Wayne Taylor Racing
40%
GTD Wright Motorsports
40%
GTD Lone Star Racing
20%
GTD Mulhner Motorsport
20%
GTD Myers Riley Motorsports
20%
LMP2 TDS Racing
20%
No matching quizzes found
Score Distribution
Percent of People with Each Score
Percentile by Number Answered
Your Score History
You have not taken this quiz